Statistics for Countries With Alternative Vowels And Consonants

Click here to take the quiz!

General Stats

  • This quiz has been taken 18 times
    (6 since last reset)
  • The average score is 21 of 34

Answer Stats

Answer% Correct
Togo
100%
Belize
83%
Cuba
83%
Iran
83%
Iraq
83%
Japan
83%
Kosovo
83%
Oman
83%
Peru
83%
Qatar
83%
Yemen
83%
Benin
67%
Canada
67%
Fiji
67%
Mexico
67%
Nepal
67%
Panama
67%
Suriname
67%
Bahamas
50%
Belarus
50%
Guyana
50%
Kiribati
50%
Mali
50%
Niger
50%
Senegal
50%
Sudan
50%
United Arab Emirates
50%
Comoros
33%
Dominica
33%
Gabon
33%
Lebanon
33%
Malawi
33%
Monaco
33%
Tuvalu
33%

Score Distribution

Percentile by Number Answered

Percent of People with Each Score

Your Score History

You have not taken this quiz since the last reset